00915nam a2200157 a 4500001001000000005001700010008004100027050002100068245009500089260017900184300004100363500018900404650006500593650006100658700003800719BRCA_126620190320203343.0101105s1992----sp-a---###---#000-0#spa-d 4aN7901b.R63 199210aArte hispanoamericano en canariasctexto y fotografías Margarita Rodríguez González. aEspañabComisión del V Centenario del descubrimiento de América : Instituto de Estudios Hispánicos de Canarias : Diócesis de Tenerife : Santa Cruz de Tenerifec1992 a66 p.bil. (algunas a color)c23 cm. aCatálogo de la exposición realizada en el Seminario Diocesano de la Laguna, 4 mayo - 12 junio, 1992 y en la Iglesia de San Francisco (Puerto de la Cruz), 2 julio - 12 octubre, 199214aArte cristiano y simbolismoxImágeneszEspaña (Canarias)14aArte hispanoamericanovCatálogosxImágeneszEspaña1 aRodríguez González, Margarita